Online
Catalog

Sonetario / (Record no. 24319)

MARC details
000 -CABECERA
campo de control de longitud fija 00797nam a2200217 a 4500
001 - NÚMERO DE CONTROL
campo de control 000024826
005 - FECHA Y HORA DE LA ÚLTIMA TRANSACCIÓN
campo de control 20200930023407.0
008 - DATOS DE LONGITUD FIJA--INFORMACIÓN GENERAL
campo de control de longitud fija 110204s1996 mx a r 001 0 spa d
020 ## - NÚMERO INTERNACIONAL ESTÁNDAR DEL LIBRO
Número Internacional Estándar del Libro 968621433X
Condiciones de disponibilidad primera edición
020 ## - NÚMERO INTERNACIONAL ESTÁNDAR DEL LIBRO
Número Internacional Estándar del Libro 9682984130
040 ## - FUENTE DE LA CATALOGACIÓN
Centro catalogador/agencia de origen DO-SdBNP
Lengua de catalogación spa
Centro/agencia transcriptor BNPHU
082 ## - NÚMERO DE LA CLASIFICACIÓN DECIMAL DEWEY
Número de clasificación xxxxx
Número de documento/Ítem S698
049 ## - FONDOS LOCALES (OCLC)
Fondos de biblioteca BNGR
245 00 - MENCIÓN DE TÍTULO
Título Sonetario /
Mención de responsabilidad, etc. compilador Brígido Redondo ; prólogo Tirso R. de la Gala G.
260 ## - PUBLICACIÓN, DISTRIBUCIÓN, ETC.
Lugar de publicación, distribución, etc. Campeche, México :
Nombre del editor, distribuidor, etc. Secretaría de Educación, Cultura y Deporte,
Fecha de publicación, distribución, etc. 1996.
300 ## - DESCRIPCIÓN FÍSICA
Extensión 742 p. ;
Dimensiones 22.5 cm.
500 ## - NOTA GENERAL
Nota general Incluye índice de autores y sus obras.
700 1# - PUNTO DE ACCESO ADICIONAL--NOMBRE DE PERSONA
Nombre de persona Redondo, Brígido,
Término indicativo de función/relación comp.
9 (RLIN) 50944
700 1# - PUNTO DE ACCESO ADICIONAL--NOMBRE DE PERSONA
Nombre de persona Gala G., Tirso R. de la,
Término indicativo de función/relación pról.
9 (RLIN) 50945
710 1# - PUNTO DE ACCESO ADICIONAL--NOMBRE DE ENTIDAD CORPORATIVA
Nombre de entidad corporativa o nombre de jurisdicción como elemento de entrada Gobierno del Estado de Campeche,
Unidad subordinada Secretaría de educación, Cultura y Deporte.
9 (RLIN) 50946
Holdings
Estado de retiro Estado de pérdida Restricciones de uso No para préstamo Código de colección Localización permanente Ubicación/localización actual Ubicación en estantería Fecha de adquisición Número de inventario Total de préstamos Signatura topográfica completa Código de barras Fecha visto por última vez Precio válido a partir de Tipo de ítem Koha
        Monografías: Libros y Folletos General General En catalogación 04.02.2011 LF1   xxxxx S698 24826-10 25.06.2020 25.06.2020 Préstamo en sala

Powered by Koha